000 00627nam a2200205Ii 4500
003 JO-AjNU
008 230606s9999||||xx |||||||||||||| ||und||
020 _a978-93-329-0298-5
040 _aJO-AjNU
_beng
_erda
_cJO-AjNU
041 _aeng
050 1 4 _aGB661.L53 2014
100 3 _aJR.Ray K. Linsley and Kohler, Max A and Paulhus, Joseph L,
_eauthor
_94349
245 0 0 _aHydrology for Engineers
264 3 1 _aNew Delhi: McGraw hill, 2014
300 _a339p
336 _atext
_btxt
_2rdacontent
337 _aunmediated
_bn
_2rdamedia
338 _avolume
_bnc
_2rdacarrier
650 4 _aHydrology - civil Engineening
_94350
999 _aE2260
_c2258
_d2258